Eastern Utah Libraries Catalog: Duchesne, Heber, Roosevelt, & Vernal

Miss Potter (Record no. 49873)

MARC details
000 -LEADER
fixed length control field 05228cgm a2200925Ka 4500
003 - CONTROL NUMBER IDENTIFIER
control field OCoLC
005 - DATE AND TIME OF LATEST TRANSACTION
control field 20241220121120.0
007 - PHYSICAL DESCRIPTION FIXED FIELD--GENERAL INFORMATION
fixed length control field vd cvaizq
008 - FIXED-LENGTH DATA ELEMENTS--GENERAL INFORMATION
fixed length control field 070123s2007 cau093 e vleng d
001 - CONTROL NUMBER
control field ocm79663449
020 ## - INTERNATIONAL STANDARD BOOK NUMBER
International Standard Book Number 1594445990
020 ## - INTERNATIONAL STANDARD BOOK NUMBER
International Standard Book Number 9781594445996
024 10 - OTHER STANDARD IDENTIFIER
Standard number or code 796019801744
028 42 - PUBLISHER NUMBER
Publisher number 80174
Source Genius Products
035 ## - SYSTEM CONTROL NUMBER
System control number (Sirsi) i9781594445996
035 ## - SYSTEM CONTROL NUMBER
System control number (OCoLC)79663449
037 ## - SOURCE OF ACQUISITION
Source of stock number/acquisition Midwest Tape
Note http://www.midwesttapes.com
040 ## - CATALOGING SOURCE
Original cataloging agency TEFMT
Transcribing agency TEFMT
Modifying agency TEF
-- RL9
-- JED
-- WHP
-- IK2
-- JED
-- UINTA
041 1# - LANGUAGE CODE
Language code of text/sound track or separate title eng
-- fre
Language code of summary or abstract/overprinted title or subtitle eng
-- spa
Language code of original and/or intermediate translations of text eng
043 ## - GEOGRAPHIC AREA CODE
Geographic area code e-uk-en
044 ## - COUNTRY OF PUBLISHING/PRODUCING ENTITY CODE
MARC country code xxk
-- xxu
049 ## - LOCAL HOLDINGS (OCLC)
Holding library UCLB
050 14 - LIBRARY OF CONGRESS CALL NUMBER
Classification number PN1995.9.B55
Item number M577 2007
082 04 - DEWEY DECIMAL CLASSIFICATION NUMBER
Classification number 791.43/72
Edition number 22
092 ## - LOCALLY ASSIGNED DEWEY CALL NUMBER (OCLC)
Classification number 791.437
130 0# - MAIN ENTRY--UNIFORM TITLE
Uniform title Miss Potter (Motion picture)
9 (RLIN) 78344
245 10 - TITLE STATEMENT
Title Miss Potter
Medium [videorecording] /
Statement of responsibility, etc The Weinstein Company and Phoenix Pictures present a David Kirschner production in association with Isle of Man Film and the UK Film Council, a Chris Noonan film ; produced by David Kirschner, Mike Medavoy, Arnold W. Messer, David Thwaites ; written by Richard Maltby Jr. ; directed by Chris Noonan.
260 ## - PUBLICATION, DISTRIBUTION, ETC. (IMPRINT)
Place of publication, distribution, etc Santa Monica, Calif. :
Name of publisher, distributor, etc Genius Products,
Date of publication, distribution, etc 2007.
300 ## - PHYSICAL DESCRIPTION
Extent 1 videodisc (93 min.) :
Other physical details sd., col. ;
Dimensions 4 3/4 in.
538 ## - SYSTEM DETAILS NOTE
System details note DVD, region 1, widescreen presentation; Dolby Digital.
546 ## - LANGUAGE NOTE
Language note Dialogue in English or French with optional subtitles in Spanish and subtitles in English for the deaf and hard of hearing.
511 1# - PARTICIPANT OR PERFORMER NOTE
Participant or performer note Renée Zellweger, Ewan McGregor, Emily Watson, Barbara Flynn, Bill Paterson, Matyelok Gibbs, Lloyd Owen, Anton Lesser, David Bamber.
508 ## - CREATION/PRODUCTION CREDITS NOTE
Creation/production credits note Director of photography, Andrew Dunn ; edited by, Robin Sales ; music by, Nigel Westlake ; costume designer, Anthony Powell ; production designer, Martin Childs.
521 8# - TARGET AUDIENCE NOTE
Target audience note MPAA rating: PG; for brief mild language.
520 ## - SUMMARY, ETC.
Summary, etc In an effort to give their younger brother, Norman a project to keep him busy now that he has joined the family publishing house, the older Warne brothers agree to publish Miss Beatrix Potter's first children's book. They don't expect the book to sell well, but they need to keep Norman busy. As a single woman living in Edwardian London, Beatrix suspects this endeavor may provide her with a small measure of freedom. But she also has very specific ideas about how the book should be published. As they work together, Norman and Beatrix become close. After the first book is published, Beatrix goes on to a second book and that sells well. One day at lunch, she meets the rest of Norman's family, including his sister, Millie and the two women become fast friends. Norman proposes, but Beatrix's parents object to the marriage proposal. After much argument, they agree to let Beatrix marry Norman provided they wait until the end of the summer.
500 ## - GENERAL NOTE
General note Special features: Feature commentary with director Chris Noonan; The tale of Peter Rabbit and Beatrix Potter; The making of a real-life fairy tale; "When you taught me how to dance"; Music video performed by Katie Melua; Theatrical trailer.
600 10 - SUBJECT ADDED ENTRY--PERSONAL NAME
Personal name Potter, Beatrix,
Dates associated with a name 1866-1943
Form subdivision Drama.
9 (RLIN) 6176844
600 10 - SUBJECT ADDED ENTRY--PERSONAL NAME
Personal name Potter, Beatrix,
Dates associated with a name 1866-1943.
Title of a work Original Peter Rabbit books
Form subdivision Drama.
9 (RLIN) 6176845
650 #0 - SUBJECT ADDED ENTRY--TOPICAL TERM
Topical term or geographic name as entry element Publishers and publishing
Geographic subdivision England
-- London
Form subdivision Drama.
9 (RLIN) 6507836
650 #0 - SUBJECT ADDED ENTRY--TOPICAL TERM
Topical term or geographic name as entry element Man-woman relationships
Geographic subdivision England
-- London
Form subdivision Drama.
9 (RLIN) 5693242
650 #0 - SUBJECT ADDED ENTRY--TOPICAL TERM
Topical term or geographic name as entry element Upper class families
Geographic subdivision England
-- London
Form subdivision Drama.
9 (RLIN) 6507837
651 #0 - SUBJECT ADDED ENTRY--GEOGRAPHIC NAME
Geographic name London (England)
Form subdivision Drama.
9 (RLIN) 5703301
600 14 - SUBJECT ADDED ENTRY--PERSONAL NAME
Personal name Potter, Beatrix,
Dates associated with a name 1866-1943
Form subdivision Drama.
9 (RLIN) 6176844
600 14 - SUBJECT ADDED ENTRY--PERSONAL NAME
Personal name Potter, Beatrix,
Dates associated with a name 1866-1943.
Title of a work Original Peter Rabbit books
Form subdivision Drama.
9 (RLIN) 6176845
650 #4 - SUBJECT ADDED ENTRY--TOPICAL TERM
Topical term or geographic name as entry element Publishers and publishing
Geographic subdivision England
-- London
Form subdivision Drama.
9 (RLIN) 6507836
650 #4 - SUBJECT ADDED ENTRY--TOPICAL TERM
Topical term or geographic name as entry element Man-woman relationship
Geographic subdivision England
-- London
Form subdivision Drama.
9 (RLIN) 6507838
650 #4 - SUBJECT ADDED ENTRY--TOPICAL TERM
Topical term or geographic name as entry element Upper class families
Geographic subdivision England
-- London
Form subdivision Drama.
9 (RLIN) 6507837
651 #4 - SUBJECT ADDED ENTRY--GEOGRAPHIC NAME
Geographic name London (England)
Form subdivision Drama.
9 (RLIN) 5703301
655 #0 - INDEX TERM--GENRE/FORM
Genre/form data or focus term Feature films.
9 (RLIN) 6176849
655 #0 - INDEX TERM--GENRE/FORM
Genre/form data or focus term Biographical films.
9 (RLIN) 102649
655 #0 - INDEX TERM--GENRE/FORM
Genre/form data or focus term Historical films.
9 (RLIN) 6176850
655 #7 - INDEX TERM--GENRE/FORM
Genre/form data or focus term Biographical
Form subdivision Feature.
Source of term local
9 (RLIN) 5755264
655 #7 - INDEX TERM--GENRE/FORM
Genre/form data or focus term Historical
Form subdivision Feature.
Source of term local
9 (RLIN) 5709379
655 #7 - INDEX TERM--GENRE/FORM
Genre/form data or focus term Women
Form subdivision Feature.
Source of term local
9 (RLIN) 5755059
700 1# - ADDED ENTRY--PERSONAL NAME
Personal name Kirschner, David,
Dates associated with a name 1955-
9 (RLIN) 18848
700 1# - ADDED ENTRY--PERSONAL NAME
Personal name Medavoy, Mike.
9 (RLIN) 49616
700 1# - ADDED ENTRY--PERSONAL NAME
Personal name Messer, Arnold.
9 (RLIN) 6176851
700 1# - ADDED ENTRY--PERSONAL NAME
Personal name Sienega, Corey.
9 (RLIN) 6176852
700 1# - ADDED ENTRY--PERSONAL NAME
Personal name Thwaites, David.
9 (RLIN) 64733
700 1# - ADDED ENTRY--PERSONAL NAME
Personal name Maltby, Richard,
Dates associated with a name 1937-
9 (RLIN) 13887
700 1# - ADDED ENTRY--PERSONAL NAME
Personal name Noonan, Chris.
9 (RLIN) 56682
700 1# - ADDED ENTRY--PERSONAL NAME
Personal name Zellweger, Renée,
Dates associated with a name 1969-
9 (RLIN) 65300
700 1# - ADDED ENTRY--PERSONAL NAME
Personal name McGregor, Ewan,
Dates associated with a name 1971-
9 (RLIN) 63781
700 1# - ADDED ENTRY--PERSONAL NAME
Personal name Watson, Emily,
Dates associated with a name 1967-
9 (RLIN) 76432
700 1# - ADDED ENTRY--PERSONAL NAME
Personal name Flynn, Barbara,
Dates associated with a name 1948-
9 (RLIN) 62340
700 1# - ADDED ENTRY--PERSONAL NAME
Personal name Paterson, Bill,
Dates associated with a name 1945-
9 (RLIN) 59022
700 1# - ADDED ENTRY--PERSONAL NAME
Personal name Gibbs, Matyelok.
9 (RLIN) 73931
700 1# - ADDED ENTRY--PERSONAL NAME
Personal name Owen, L.
Fuller form of name (Lloyd)
9 (RLIN) 76265
700 1# - ADDED ENTRY--PERSONAL NAME
Personal name Lesser, Anton.
9 (RLIN) 18762
700 1# - ADDED ENTRY--PERSONAL NAME
Personal name Bamber, David.
9 (RLIN) 66649
710 2# - ADDED ENTRY--CORPORATE NAME
Corporate name or jurisdiction name as entry element Phoenix Pictures.
9 (RLIN) 64676
710 2# - ADDED ENTRY--CORPORATE NAME
Corporate name or jurisdiction name as entry element David Kirschner Productions.
9 (RLIN) 6176853
710 2# - ADDED ENTRY--CORPORATE NAME
Corporate name or jurisdiction name as entry element Isle of Man Film Commission.
9 (RLIN) 71756
710 2# - ADDED ENTRY--CORPORATE NAME
Corporate name or jurisdiction name as entry element UK Film Council.
9 (RLIN) 70113
710 2# - ADDED ENTRY--CORPORATE NAME
Corporate name or jurisdiction name as entry element Weinstein Company.
9 (RLIN) 73072
710 2# - ADDED ENTRY--CORPORATE NAME
Corporate name or jurisdiction name as entry element Genius Products, Inc.
9 (RLIN) 73554
942 ## - ADDED ENTRY ELEMENTS (KOHA)
Koha item type DVD
994 ## -
-- C0
-- UINTA
998 ## - LOCAL CONTROL INFORMATION (RLIN)
-- a106599
Holdings
Withdrawn status Lost status Source of classification or shelving scheme Damaged status Not for loan Collection code Home library Current library Shelving location Date acquired Source of acquisition Cost, normal purchase price Total Checkouts Total Renewals Full call number Barcode Date last seen Date checked out Cost, replacement price Price effective from Koha item type
    Dewey Decimal Classification     Movies Wasatch County Library Wasatch County Library Audio Visual Area 07/13/2007 Amazon 17.95 252 19 DVD Mis 34301000763120 03/06/2026 02/28/2026 17.95 03/20/2020 DVD
This project was made possible through a grant from the Institute of Museum and Library Service administered by the Utah State Library Division.

Wasatch County Library

  • 465 East 1200 South, Heber City, Utah 84032
  • Phone 435-654-1511 | Fax 435-654-6456

Hours

  • Monday - Friday 9:30 AM - 8:00 PM
  • Saturday 9:30 AM - 1:30 PM
  • Closed Sundays and Holidays